000 00594nam a2200229Ia 4500
003 OSt
005 20221007072223.0
006 a|||||r|||| 00| 0
007 ta
008 221006b |||||||| |||| 00| 0 eng d
024 _a17,558
037 _cTextual
040 _aFLL
_cFLL
_beng
041 _2eng
_aeng
082 _aY:45, L9
100 _aSagarian E. Ed.
_9690286
245 0 _aCriminology new concerns
260 _aLondon
_bSage publications England
_c1979
300 _a191p
_ccm.
942 _hY:45, L9
_cTEXL
_2CC
999 _c1145462
_d1145462